[Event "zonal 2.4"]
[Site "Sao Paulo BRA"]
[Date "1995.03.??"]
[Round "9"]
[White "Milos, Gilberto"]
[Black "Sunye Neto, Jaime"]
[Result "1/2-1/2"]
[WhiteElo "2560"]
[BlackElo "2525"]
[EventDate "1995.03.20"]
[PlyCount "59"]

1.Nf3 Nf6 2.c4 e6 3.Nc3 Bb4 4.Qc2 c5 5.a3 Ba5 6.g3 O-O 7.Bg2 Nc6 8.O-O d6 
9.d3 a6 10.Rd1 e5 11.Bg5 Bxc3 12.Qxc3 a5 13.e3 h6 14.Bxf6 Qxf6 15.Nd2 Qe7 
16.Rf1 Be6 17.f4 Qd7 18.Rf2 exf4 19.gxf4 f5 20.Kh1 d5 21.cxd5 Bxd5 22.
Bxd5+ Qxd5+ 23.Rg2 Rf7 24.Rg1 Qd7 25.Nc4 Raf8 26.Nb6 Qc7 27.Nd5 Qd7 28.Nb6
Qe7 29.Nd5 Qd7 30.Nb6 1/2-1/2

[Event "zonal 2.4"]
[Site "Sao Paulo BRA"]
[Date "1995.03.??"]
[Round "9"]
[White "Pelikian, Jefferson"]
[Black "Vescovi, Giovanni"]
[Result "1/2-1/2"]
[WhiteElo "2335"]
[BlackElo "2465"]
[EventDate "1995.03.20"]
[PlyCount "65"]

1.e4 e5 2.Nf3 Nc6 3.Nc3 Nf6 4.d4 exd4 5.Nxd4 Bb4 6.Nxc6 bxc6 7.Bd3 d5 8.
exd5 cxd5 9.O-O O-O 10.Bg5 c6 11.Qf3 Be7 12.Rfe1 Bg4 13.Qg3 Bh5 14.Qh4 Bg6
15.Bxg6 fxg6 16.Qh3 Rf7 17.Qd3 Qb6 18.Bxf6 Bxf6 19.Nd1 Bd4 20.Re2 Raf8 21.
Qd2 a5 22.c3 Bc5 23.Rc1 Qb5 24.b3 Rf4 25.Rc2 a4 26.g3 axb3 27.axb3 Rf3 28.
b4 Bb6 29.Qe1 Qd3 30.Rcd2 Rxg3+ 31.hxg3 Qxg3+ 32.Kh1 Qf3+ 33.Kg1 1/2-1/2